ბათუმის შოთა რუსთაველის სახელმწიფო უნივერსიტეტის ბიბლიოთეკა

ამბები ცხოვრებიდან (ბიბ.ჩანაწერი № 49777)

000 -LEADER
fixed length control field 00894nam a2200229Ia 4500
001 - CONTROL NUMBER
control field 16712
003 - CONTROL NUMBER IDENTIFIER
control field GE_BSU
008 - FIXED-LENGTH DATA ELEMENTS--GENERAL INFORMATION
fixed length control field 181216s||||||||xx |||||||||||||| ||und||
040 ## - CATALOGING SOURCE
Transcribing agency GE_BSU
080 ## - UNIVERSAL DECIMAL CLASSIFICATION NUMBER
Universal Decimal Classification number 629.73(47+57) + 629.735.3(470)(092)
100 ## - MAIN ENTRY--PERSONAL NAME
Personal name იაკოვლევი, ა.ს.
245 ## - TITLE STATEMENT
Title ამბები ცხოვრებიდან
245 ## - TITLE STATEMENT
Remainder of title ავიო-კონსტრუქტორის თავგადასავალი
245 ## - TITLE STATEMENT
Statement of responsibility, etc. წინასიტყვ. ავტ.: ლევ კასსილ.
260 ## - PUBLICATION, DISTRIBUTION, ETC.
Place of publication, distribution, etc. თბილისი
260 ## - PUBLICATION, DISTRIBUTION, ETC.
Name of publisher, distributor, etc. ტექნიკა და შრომა
260 ## - PUBLICATION, DISTRIBUTION, ETC.
Date of publication, distribution, etc. 1945
300 ## - PHYSICAL DESCRIPTION
Extent 131გვ. ; 18სმ
653 ## - INDEX TERM--UNCONTROLLED
Uncontrolled term ავიო-კონსტრუქტორის თავგადასავალი
653 ## - INDEX TERM--UNCONTROLLED
Uncontrolled term ამბები ცხოვრებიდან
942 ## - ADDED ENTRY ELEMENTS (KOHA)
Koha item type წიგნი
ეგზემპლარები
Withdrawn status Lost status Damaged status Not for loan Date acquired Barcode Date last seen Price effective from Koha item type
        2018-12-17 21288 2018-12-17 2018-12-17 წიგნი